Statistics for U.S. States with the Most African Americans

Click here to take the quiz!

General Stats

  • This quiz has been taken 30 times
  • The average score is 10 of 10

Answer Stats

RankPopulationState% Correct
529.80%Alabama
100%
333.03%Georgia
100%
233.13%Louisiana
100%
137.94%Mississippi
100%
1019.80%Tennessee
100%
921.60%Virginia
100%
723.50%North Carolina
96%
627.09%South Carolina
96%
432.01%Maryland
89%
822.11%Delaware
75%

Score Distribution

Percentile by Number Answered

Percent of People with Each Score

Your Score History

You have not taken this quiz